War Movie Title Match-Up Quiz Stats

 Plays Quiz Updated Aug 21, 2017

Challenge
Share
Tweet
Score 0/40 Timer 04:00
8 Plays Today
% Correct
Saving
97.9%
Schindler's
97.2%
Inglourious
96.6%
Full Metal
96.4%
Apocalypse
95.7%
Black
95.5%
The Hurt
94.1%
All Quiet on
93.8%
Born on the
92.7%
The Bridge on
92%
Hacksaw
91.7%
The Deer
91.3%
For Whom
89.3%
American
88.7%
The Dirty
88.8%
From Here
88.1%
Letters
87.9%
Flags of
85.7%
Das
84.6%
The Great
82.3%
% Correct
The Longest
81.1%
Lone
80.6%
A Bridge
80%
Johnny Got
79.3%
Judgment at
78.5%
Hamburger
76.7%
Saints and
73.9%
Come and
73.1%
The Guns of
72.9%
In Which
69.9%
Captain Corelli's
67.8%
Kelly's
67.7%
The Battle of
64.6%
Memphis
64.5%
Stalag
61.3%
The Dam
60.3%
Barry
59.3%
Army of
52.1%
La Grande
47%
Rescue
45.3%

You're not logged in!

Compare scores with friends on all Sporcle quizzes.
Join for Free
OR
Log In

You Might Also Like...

Show Comments

Extras

Top Quizzes Today


Score Distribution

Your Account Isn't Verified!

In order to create a playlist on Sporcle, you need to verify the email address you used during registration. Go to your Sporcle Settings to finish the process.

Report this User

Report this user for behavior that violates our Community Guidelines.

Details: